[Event "Ch Germany (seniors)"]
[Site "masterchessopen.com Dresden (Germany)"]
[Date "2009.08.03"]
[Round "1"]
[White "Hottes Dieter (GER)"]
[Black "Thieme Wolfgang (GER)"]
[Result "1-0"]
[WhiteElo "2144"]
[BlackElo "1953"]

1.d4 Nf6 2.c4 g6 3.Nc3 d5 4.Nf3 Bg7 5.Bg5 Ne4 6.Bh4 c5 7.Nxd5 Qa5+ 8.b4 cxb4
9.Qb3 Nc6 10.e3 Nc5 11.Qd1 Ne4 12.Bd3 Nc3 13.Qb3 O-O 14.O-O Re8 15.a3 Qa4
16.Qxa4 Nxa4 17.axb4 Nb2 18.Be2 {#r} 1-0

[Event "It (open)"]
[Site "masterchessopen.com Vienna (Austria)"]
[Date "2009.08.20"]
[Round "6"]
[White "Knitl Anton (GER)"]
[Black "Di Paolo Marco (ITA)"]
[Result "1-0"]
[WhiteElo "2212"]
[BlackElo "2035"]

1.Nf3 Nf6 2.c4 g6 3.Nc3 Bg7 4.d4 d5 5.Bg5 Ne4 6.Bh4 Nxc3 7.bxc3 c5 8.cxd5 Qxd5
9.e3 cxd4 10.cxd4 Nc6 11.Be2 O-O 12.O-O Bd7 13.Nd2 e6 14.Bf3 Qa5 15.Nb3 Qc7
16.Bg3 Qd8 17.Nc5 b6 18.Nxd7 Qxd7 19.Rc1 Rac8 20.Qa4 Ne5 21.Qxd7 Nxd7 22.Bd6
Rfd8 23.Bc7 Rf8 24.Bb7 {#r} 1-0

[Event "Memorial  Seishi Fujishima"]
[Site "masterchessopen.com Campinas (Brazil)"]
[Date "2009.09.26"]
[Round "9"]
[White "Martinez Janine (BRA)"]
[Black "Goncalves Marcus Vinicius M (BRA)"]
[Result "1-0"]
[WhiteElo "1952"]
[BlackElo "1813"]

1.d4 Nf6 2.c4 g6 3.Nc3 d5 4.Nf3 Bg7 5.Bg5 Ne4 6.cxd5 Nxc3 7.bxc3 Qxd5 8.e3 Bg4
9.Be2 c5 10.O-O cxd4 11.cxd4 Nd7 12.Bh4 Nf6 13.Rc1 Qxa2 14.Bc4 Qa3 15.Bxf7+
Kxf7 16.Ne5+ Ke8 17.Nxg4 Nd5 18.Bg3 Rf8 19.e4 Nf6 20.Nxf6+ Bxf6 21.e5 Bg5
22.f4 Qe3+ 23.Kh1 Bxf4 24.Qa4+ Kd8 25.Qa5+ Ke8 26.Qb5+ Kd8 27.Qxb7 {#r} 1-0

[Event "Tournament (Elo)"]
[Site "masterchessopen.com Sao Paulo (Brazil)"]
[Date "2009.09.29"]
[Round "7"]
[White "Abdalla Luiz Guilherme Aurelli (BRA)"]
[Black "Nobre Jose Adalberto (BRA)"]
[Result "1-0"]
[WhiteElo "2089"]
[BlackElo "1814"]

1.d4 Nf6 2.c4 g6 3.Nc3 d5 4.Nf3 Bg7 5.Bg5 c6 6.e3 O-O 7.Bd3 Bg4 8.h3 dxc4
9.Bxc4 Bf5 10.O-O Nbd7 11.Rc1 Nd5 12.Nxd5 cxd5 13.Bxd5 Nf6 14.Bb3 Rc8 15.Qe2
Ne4 16.Rxc8 Qxc8 17.Bxe7 Re8 18.Bb4 Bxh3 19.gxh3 Qxh3 20.Nh2 Be5 21.dxe5 Rxe5
22.Qf3 {#r} 1-0

[Event "Ch World (juniors) (under 14) (g)"]
[Site "masterchessopen.com Kemer (Turkey)"]
[Date "2009.11.13"]
[Round "2"]
[White "Kabai Zsuzsanna (HUN)"]
[Black "Matlin Anna (USA)"]
[Result "1-0"]
[WhiteElo "2062"]
[BlackElo "1866"]

1.d4 Nf6 2.c4 g6 3.Nc3 d5 4.Nf3 Bg7 5.Bg5 Ne4 6.cxd5 Nxg5 7.Nxg5 e6 8.Nf3 exd5
9.e3 O-O 10.b4 Re8 11.Rc1 a6 12.Qb3 c6 13.Be2 b5 14.a4 Qd6 15.a5 Bg4 16.O-O
Bxf3 17.Bxf3 Ra7 18.Na2 Rae7 19.Rcd1 f5 20.Nc1 Kh8 21.Nd3 g5 22.g3 Qh6 23.Qc2
Bf6 24.Nc5 Rf8 25.Qd3 Ree8 26.Rfe1 Be7 27.Qc3 Bxc5 28.Qxc5 {#r} 1-0

[Event "Regionalliga Northeast 2009/10"]
[Site "masterchessopen.com Bayern (Germany)"]
[Date "2009.11.29"]
[Round "3"]
[White "Kaeck Ralf (GER)"]
[Black "Ponnath Lorenz (GER)"]
[Result "1-0"]
[WhiteElo "1988"]
[BlackElo "2093"]

1.d4 Nf6 2.Nf3 g6 3.c4 Bg7 4.Nc3 d5 5.Bg5 Ne4 6.cxd5 Nxg5 7.Nxg5 O-O 8.Nf3 Bg4
9.e3 c5 10.dxc6 bxc6 11.Be2 Nd7 12.h3 Be6 13.O-O Nb6 14.Rc1 Rc8 15.Ne4 Bd5
16.Nc5 f5 17.b3 Qd6 18.Qc2 g5 19.Nxg5 e5 20.e4 Qg6 21.exd5 Qxg5 22.Ne6 Qe7
23.Nxf8 {#r} 1-0

[Event "It (open)"]
[Site "masterchessopen.com Porec (Croatia)"]
[Date "2009.12.03"]
[Round "1"]
[White "Pasalic Enio (CRO)"]
[Black "Fercec Nenad (CRO)"]
[Result "0-1"]
[WhiteElo "2084"]
[BlackElo "2466"]

1.d4 Nf6 2.Nf3 g6 3.c4 Bg7 4.Nc3 d5 5.Bg5 Ne4 6.Bh4 Nxc3 7.bxc3 dxc4 8.Qa4+
Nd7 9.Qxc4 O-O 10.Bg3 c5 11.e3 Qa5 12.Rc1 cxd4 13.exd4 e5 14.Be2 exd4 15.Bc7
Nb6 16.Bxb6 axb6 17.Nxd4 Bxd4 18.Qxd4 Qxa2 19.Bb5 Qb2 {#R} 0-1

[Event "Ch Ukraine (juniors) (under 18) (g)"]
[Site "masterchessopen.com Kiev (Ukraine)"]
[Date "2010.01.29"]
[Round "5"]
[White "Zabgaeva Marina (UKR)"]
[Black "Gonchar Mariya (UKR)"]
[Result "0-1"]
[WhiteElo "1801"]
[BlackElo "1829"]

1.d4 Nf6 2.c4 g6 3.Nc3 d5 4.Nf3 Bg7 5.Bg5 Ne4 6.cxd5 Nxg5 7.Nxg5 e6 8.Qd2 h6
9.Nh3 exd5 10.Nf4 c6 11.e3 Bf5 12.Be2 O-O 13.O-O Nd7 14.Rfc1 Nf6 15.b4 b6
16.Bd3 Bxd3 17.Nxd3 Rc8 18.Na4 Ne4 19.Qe2 Qd7 20.Ndb2 Rfe8 21.Rc2 Qe7 22.Nd3
c5 23.bxc5 bxc5 24.Naxc5 Nxc5 25.Rxc5 Rxc5 26.Nxc5 Bxd4 27.Rd1 Bxc5 28.Rxd5
{#R} 0-1

[Event "Ch Europe (seniors) (team)"]
[Site "masterchessopen.com Dresden (Germany)"]
[Date "2010.02.10"]
[Round "1"]
[White "Wuensch Ulrich (GER)"]
[Black "Jansa Vlastimil (CZE)"]
[Result "0-1"]
[WhiteElo "2056"]
[BlackElo "2499"]

1.d4 Nf6 2.Nf3 g6 3.c4 Bg7 4.Nc3 d5 5.Bg5 dxc4 6.e3 Be6 7.Be2 O-O 8.O-O c5
9.Rc1 Nbd7 10.d5 Bg4 {#R} 0-1

[Event "Czech League 2009/10 (krajsky prebor)"]
[Site "masterchessopen.com Czech Republic"]
[Date "2010.02.21"]
[Round "9"]
[White "Dostal Pavel (CZE)"]
[Black "Kraus Tomas (CZE)"]
[Result "0-1"]
[WhiteElo "2103"]
[BlackElo "2053"]

1.d4 Nf6 2.Nf3 g6 3.c4 Bg7 4.Nc3 d5 5.Bg5 Ne4 6.Bf4 Nxc3 7.bxc3 c5 8.e3 Nc6
9.cxd5 Qxd5 10.Qb3 Qxb3 11.axb3 Be6 12.Ra3 O-O 13.Bb5 Rfc8 14.O-O Bd5 15.Nd2
cxd4 16.exd4 e5 17.dxe5 Nxe5 18.Re1 Nc6 19.c4 Nd4 20.cxd5 Nxb5 21.Ra5 a6
22.Nc4 Bc3 23.Rea1 Re8 24.Be3 Rad8 25.Nb6 Bxa5 26.Rxa5 Rd6 {#R} 0-1

[Event "Memorial Fernando Vasconcellos (cat.2)"]
[Site "masterchessopen.com Brasilia (Brazil)"]
[Date "2010.03.10"]
[Round "4"]
[White "Valle Adriano (BRA)"]
[Black "Lima Darcy (BRA)"]
[Result "0-1"]
[WhiteElo "2289"]
[BlackElo "2494"]

1.d4 Nf6 2.c4 g6 3.Nc3 d5 4.Nf3 Bg7 5.Bg5 Ne4 6.cxd5 Nxg5 7.Nxg5 e6 8.Qd2 exd5
9.Qe3+ Kf8 10.Qf4 Bf6 11.h4 h6 12.Nf3 Kg7 13.O-O-O Be6 14.e3 Nd7 15.Bd3 c5
16.Kb1 c4 17.Bc2 b5 18.g4 b4 19.Ne2 b3 20.Bf5 bxa2+ 21.Ka1 Rb8 22.Bxe6 Qb6
23.Rd2 Nc5 24.Qxf6+ Kxf6 25.dxc5 Qxe6 26.Rg1 Kg7 27.Nf4 Qe4 {#R} 0-1

[Event "Ch Schleswig Holstein (seniors)"]
[Site "masterchessopen.com Buesum (Germany)"]
[Date "2010.03.27"]
[Round "1"]
[White "Jasper Erich (GER)"]
[Black "Klotzki Klaus (GER)"]
[Result "0-1"]
[WhiteElo "1602"]
[BlackElo "1985"]

1.d4 Nf6 2.c4 g6 3.Nc3 d5 4.Nf3 Bg7 5.Bg5 c6 6.e3 O-O 7.h3 Qa5 8.Qd2 dxc4
9.Bxc4 b5 10.Bb3 b4 11.Na4 Ne4 12.Qc2 Nxg5 13.Nxg5 Qxg5 14.g3 e5 15.d5 Qf5
16.e4 Qf3 17.Rh2 Bd7 18.Rc1 Bh6 19.Rd1 Rc8 20.Qc4 cxd5 21.Qxd5 Bc6 22.Qxe5 Re8
23.Qc7 Bb5 24.Nc5 Qe2# 0-1

[Event "Ch Schleswig Holstein (seniors)"]
[Site "masterchessopen.com Buesum (Germany)"]
[Date "2010.03.29"]
[Round "3"]
[White "Scepanik Hans-Juerge (GER)"]
[Black "Pape Rainer (GER)"]
[Result "1-0"]
[WhiteElo "1929"]
[BlackElo "1832"]

1.Nf3 g6 2.c4 Bg7 3.Nc3 Nf6 4.d4 d5 5.Bg5 c6 6.h3 h6 7.Bxf6 Bxf6 8.cxd5 O-O
9.dxc6 Nxc6 10.e3 Bf5 11.Bd3 Bxd3 12.Qxd3 e5 13.d5 Nb4 14.Qd2 Bg7 15.Rd1 Qd7
16.e4 Rac8 17.O-O Na6 18.Ne1 Rc4 19.Nc2 Rfc8 20.Qe2 Bf8 21.Ne3 Rb4 22.Ng4 h5
23.Nf6+ {#r} 1-0

[Event "Tournament (Elo)"]
[Site "masterchessopen.com Ukhta (Russia)"]
[Date "2010.04.18"]
[Round "11"]
[White "Patsuk Elena (RUS)"]
[Black "Volkov Sergei (RUS)"]
[Result "0-1"]
[WhiteElo "1938"]
[BlackElo "2213"]

1.d4 Nf6 2.Nf3 g6 3.c4 d5 4.Nc3 Bg7 5.Bg5 Ne4 6.Bh4 Nxc3 7.bxc3 c5 8.e3 Nc6
9.Qb3 dxc4 10.Bxc4 O-O 11.Qa3 cxd4 12.cxd4 Qa5+ 13.Qxa5 Nxa5 14.Be2 Re8 15.Bb5
Nc6 16.Bxc6 bxc6 17.Rc1 Be6 18.Rxc6 Bxa2 19.Rc7 Rec8 20.Rxc8+ Rxc8 21.O-O e6
22.Be7 a5 23.Ne5 f6 24.Ng4 Kf7 25.Bc5 h5 26.Nxf6 Bxf6 27.Ra1 Rxc5 {#R} 0-1

[Event "Ch Commonwealth"]
[Site "masterchessopen.com Delhi (India)"]
[Date "2010.05.16"]
[Round "9"]
[White "Debashish Das (IND)"]
[Black "Gahan M G (IND)"]
[Result "1-0"]
[WhiteElo "2421"]
[BlackElo "2141"]

1.d4 Nf6 2.c4 g6 3.Nc3 d5 4.Nf3 Bg7 5.Bg5 Ne4 6.cxd5 Nxg5 7.Nxg5 e6 8.Qd2 exd5
9.Qe3+ Kf8 10.Qf4 Bf6 11.h4 Kg7 12.e4 dxe4 13.Bc4 Qxd4 14.h5 h6 15.Qxc7 Qd7
16.Qxd7 Bxd7 17.Nxf7 Rc8 18.Nd6 Bxc3+ 19.bxc3 Rc6 20.Rd1 g5 21.Rd4 Rb6 22.O-O
Nc6 23.Rxe4 Kf6 24.f4 g4 25.Rd1 Na5 26.Re5 Nc6 27.Ne4+ {#r} 1-0

[Event "Memorial Francisco Alves"]
[Site "masterchessopen.com Fortaleza (Brazil)"]
[Date "2010.05.21"]
[Round "1"]
[White "De Saboya E Silva Jose Frederico Thome"]
[Black "De Oliveira Guibson Martins"]
[Result "1-0"]
[WhiteElo "2205"]
[BlackElo "1838"]

1.d4 Nf6 2.Nf3 g6 3.c4 Bg7 4.Nc3 d5 5.Bg5 Ne4 6.cxd5 Nxg5 7.Nxg5 e6 8.Qd2 O-O
9.dxe6 fxe6 10.Nf3 Nc6 11.e3 b6 12.h4 Bb7 13.Bc4 Re8 14.Ng5 Qd7 15.Bxe6+ Rxe6
16.Nxe6 Qxe6 17.d5 {#r} 1-0

[Event "Memorial Braci Bieluczykow (c)"]
[Site "masterchessopen.com Bialystok (Poland)"]
[Date "2010.06.29"]
[Round "5"]
[White "Lada Michal (POL)"]
[Black "Murawko Katarzyna (POL)"]
[Result "0-1"]
[WhiteElo "1660"]
[BlackElo "1767"]

1.d4 Nf6 2.c4 d5 3.Nc3 g6 4.Nf3 Bg7 5.Bg5 c6 6.e3 O-O 7.Be2 Be6 8.c5 Nbd7 9.b4
Bf5 10.Nh4 Be6 11.O-O Ne4 12.Nxe4 dxe4 13.Bg4 Bxg4 14.Qxg4 h6 15.Bf4 Nf6
16.Qg3 Nh5 17.Qg4 Nxf4 18.exf4 Qxd4 19.a3 e3 20.Rad1 exf2+ 21.Rxf2 Qe3 22.Kf1
Rad8 23.Rxd8 Rxd8 {#R} 0-1

[Event "Tournament (open)"]
[Site "masterchessopen.com Vellmar (Germany)"]
[Date "2010.07.09"]
[Round "2"]
[White "Winter Joerg (GER)"]
[Black "Schnegelsberg Karl-H (GER)"]
[Result "0-1"]
[WhiteElo "1673"]
[BlackElo "2030"]

1.d4 Nf6 2.c4 g6 3.Nc3 d5 4.Nf3 Bg7 5.Bg5 Ne4 6.cxd5 Nxg5 7.Nxg5 e6 8.Qa4+ c6
9.dxc6 Nxc6 10.Nf3 Bd7 11.Qd1 Qb6 12.e3 O-O 13.b3 e5 14.Na4 Qb4+ 15.Qd2 exd4
16.e4 d3 17.Rc1 Qxe4+ 18.Qe3 Qb4+ 19.Qd2 Rfe8+ 20.Kd1 Bg4 21.Rc4 Bxf3+ 22.gxf3
Qxd2+ 23.Kxd2 Ne5 24.Rf4 Bh6 {#R} 0-1

[Event "It (open)"]
[Site "masterchessopen.com Charala (Colombia)"]
[Date "2010.07.20"]
[Round "7"]
[White "Castro Oscar H (COL)"]
[Black "Cadena Gustavo Adolfo (COL)"]
[Result "1-0"]
[WhiteElo "2373"]
[BlackElo "2072"]

1.Nf3 Nf6 2.c4 g6 3.d4 Bg7 4.Nc3 d5 5.Bg5 Ne4 6.cxd5 Nxg5 7.Nxg5 e6 8.Qd2 exd5
9.Qe3+ Kf8 10.Qf4 Bf6 11.h4 h6 12.Nf3 Kg7 13.O-O-O h5 14.Ne5 Nc6 15.e4 dxe4
16.Bb5 Ne7 17.Bc4 Rf8 18.Nxe4 Nf5 19.Ng5 Bxg5 20.hxg5 f6 21.g4 Nd6 22.gxh5
fxg5 23.Qh2 Qf6 24.hxg6 Qf4+ 25.Qxf4 Rxf4 26.Rh7+ Kf6 27.g7 {#r} 1-0

[Event "Ch France (seniors)"]
[Site "masterchessopen.com Belfort (France)"]
[Round "11"]
[White "Cortes Jaime (FRA)"]
[Black "Carrot Patrick (FRA)"]
[Result "1-0"]
[WhiteElo "1961"]
[BlackElo "1866"]

1.d4 Nf6 2.c4 g6 3.Nf3 Bg7 4.Nc3 d5 5.Bg5 Ne4 6.Bh4 c6 7.e3 Nxc3 8.bxc3 O-O
9.cxd5 cxd5 10.Qb3 Nc6 11.Bd3 Re8 12.O-O Qd6 13.Bg3 e5 14.Bb5 f6 15.dxe5 fxe5
16.Rad1 Be6 17.Ng5 a6 18.Nxe6 Qxe6 19.Be2 e4 20.Rxd5 b5 21.Rfd1 Rac8 22.Qa3
Nd4 23.R5xd4 {#r} 1-0

[Event "It (open)"]
[Site "masterchessopen.com Irvine (USA)"]
[Date "2010.08.01"]
[Round "2"]
[White "Dean Jim H (USA)"]
[Black "Oldham D"]
[Result "1-0"]
[WhiteElo "2272"]
[BlackElo "1956"]

1.d4 Nf6 2.c4 g6 3.Nc3 d5 4.Nf3 Bg7 5.Bg5 Ne4 6.cxd5 Nxg5 7.Nxg5 e6 8.Qd2 exd5
9.Qe3+ Kf8 10.Qf4 Bf6 11.h4 c6 12.e4 h6 13.Nf3 dxe4 14.Ne5 Be6 15.O-O-O Nd7
16.Nxd7+ Bxd7 17.Nxe4 Kg7 18.Bc4 Bf5 19.Nd6 Qa5 20.Nxf7 {#r} 1-0

[Event "Ch World (blitz)"]
[Site "masterchessopen.com Moscow (Russia)"]
[Date "2010.11.17"]
[Round "27"]
[White "Eljanov Pavel (UKR)"]
[Black "Nepomniachtchi Ian (RUS)"]
[Result "0-1"]
[WhiteElo "2761"]
[BlackElo "2706"]

1.d4 Nf6 2.c4 g6 3.Nc3 d5 4.Nf3 Bg7 5.Bg5 dxc4 6.e4 c5 7.d5 b5 8.e5 b4 9.exf6
exf6 10.Bd2 bxc3 11.Bxc3 O-O 12.Bxc4 Re8+ 13.Kf1 Nd7 14.b3 Nb6 15.Qd2 Qd7
16.Rd1 Nxc4 17.bxc4 Ba6 18.Qd3 Qa4 19.Kg1 Bxc4 20.Qd2 Re2 21.Qc1 Rc2 {#R} 0-1

[Event "Ch Antalya (open)"]
[Site "masterchessopen.com Antalya (Turkey)"]
[Date "2011.01.08"]
[Round "1"]
[White "Kangal Mehmet"]
[Black "Kulles Gurel"]
[Result "0-1"]
[WhiteElo "1439"]
[BlackElo "1885"]

1.d4 g6 2.c4 Bg7 3.Nc3 Nf6 4.Nf3 d5 5.Bg5 O-O 6.Bxf6 exf6 7.cxd5 f5 8.e3 Nd7
9.Bc4 Kh8 10.Ng5 Qxg5 11.O-O b6 12.Nb5 Ba6 13.Qa4 Bxb5 14.Bxb5 Nf6 15.Bc6 Rad8
16.Qxa7 Nxd5 17.Bxd5 Rxd5 18.Qxc7 b5 19.Qc6 Rfd8 20.a3 f4 21.Qc7 f3 22.g3 Qf5
23.Kh1 Qh3 24.Rg1 Qxh2+ 25.Kxh2 Rh5# 0-1

[Event "It (open)"]
[Site "masterchessopen.com Marianske Lazne (Czech Republic)"]
[Date "2011.01.16"]
[Round "2"]
[White "Bartos Jan (CZE)"]
[Black "Danko Jiri (CZE)"]
[Result "1-0"]
[WhiteElo "2239"]
[BlackElo "1975"]

1.d4 Nf6 2.Nf3 g6 3.c4 Bg7 4.Nc3 d5 5.Bg5 Ne4 6.Bh4 Nxc3 7.bxc3 c5 8.cxd5 Qxd5
9.e3 cxd4 10.cxd4 Nc6 11.Be2 O-O 12.O-O b6 13.Qb3 Be6 14.Rac1 Qh5 15.Qb5 Nxd4
16.exd4 Bd5 17.Bxe7 Rfe8 18.Ne5 {#r} 1-0

[Event "Ch City (superfinal)"]
[Site "masterchessopen.com Tiumen (Russia)"]
[Date "2011.01.24"]
[Round "3"]
[White "Seredov Dmitrij (RUS)"]
[Black "Gajsin Vitaliy"]
[Result "0-1"]
[WhiteElo "2193"]
[BlackElo "2476"]

1.d4 Nf6 2.c4 g6 3.Nc3 d5 4.Nf3 Bg7 5.Bg5 Ne4 6.cxd5 Nxg5 7.Nxg5 e6 8.Qd2 exd5
9.Qe3+ Kf8 10.Qf4 Bf6 11.h4 Kg7 12.e4 dxe4 13.O-O-O Nc6 14.Bc4 Qd6 15.Qxd6
cxd6 16.Ncxe4 Bxd4 17.Nxf7 Rf8 18.Nexd6 Bxf2 19.Nxc8 Raxc8 20.Rd7 Nb8 21.Rxb7
Rxc4+ {#R} 0-1

[Event "Zt"]
[Site "masterchessopen.com Rotorua (New Zealand)"]
[Date "2011.01.26"]
[Round "3"]
[White "Cheng Bobby (AUS)"]
[Black "Fuatai Fuatai (NZL)"]
[Result "1-0"]
[WhiteElo "2346"]
[BlackElo "2031"]

1.d4 Nf6 2.c4 g6 3.Nc3 d5 4.Nf3 Bg7 5.Bg5 Ne4 6.cxd5 Nxg5 7.Nxg5 e6 8.Nf3 exd5
9.b4 O-O 10.e3 Re8 11.Be2 c6 12.Qb3 Bf8 13.O-O Bd6 14.b5 Nd7 15.Rfc1 Nf6
16.Na4 Bd7 17.bxc6 bxc6 18.Nc5 Rb8 19.Qa4 Bxc5 20.Rxc5 Ne4 21.Rc2 Bf5 22.Rcc1
Qe7 23.Ne5 Nxf2 24.Qxc6 Rb2 25.Kxf2 f6 26.Qc3 Reb8 27.Nd3 {#r} 1-0

[Event "Ch City (open)"]
[Site "masterchessopen.com Osijek (Croatia)"]
[Date "2011.02.26"]
[Round "5"]
[White "Abramovic Darko (CRO)"]
[Black "Buric Petar (CRO)"]
[Result "1-0"]
[WhiteElo "2103"]
[BlackElo "2108"]

1.d4 Nf6 2.Nf3 g6 3.c4 Bg7 4.Nc3 d5 5.Bg5 Ne4 6.cxd5 Nxc3 7.bxc3 Qxd5 8.h3 c5
9.e3 Nc6 10.Bd3 O-O 11.O-O cxd4 12.cxd4 h6 13.Bh4 g5 14.Bg3 g4 15.hxg4 Bxg4
16.Be2 Rfd8 17.Qa4 a6 18.Rac1 Rac8 19.Rc5 Qd7 20.Qb3 Bxd4 21.Rxc6 Qxc6 22.exd4
Qc2 23.Qe3 Kg7 24.Bd3 Qxa2 25.Qe4 f5 26.Qxe7+ Qf7 27.Be5+ Kg8 28.Bc4 {#r} 1-0

[Event "It (cat.5)"]
[Site "masterchessopen.com Sabadell (Spain)"]
[Date "2011.03.11"]
[Round "6"]
[White "Gonzalez Raul Omar (ESP)"]
[Black "Cruz Filemon (PER)"]
[Result "1-0"]
[WhiteElo "2278"]
[BlackElo "2442"]

1.d4 Nf6 2.c4 g6 3.Nc3 d5 4.Nf3 Bg7 5.Bg5 Ne4 6.cxd5 Nxg5 7.Nxg5 e6 8.Qd2 exd5
9.Qf4 O-O 10.Nf3 c6 11.e3 Nd7 12.Bd3 Nf6 13.h3 Qe7 14.g4 b6 15.O-O-O Bb7 16.h4
c5 17.Ne5 c4 18.Bc2 a6 19.h5 b5 20.a3 Rab8 21.hxg6 hxg6 22.Rh3 Nd7 23.Nxd7
Qxd7 24.Rdh1 Rfe8 25.g5 Qe6 26.Qh2 Kf8 27.Rh7 {#r} 1-0

[Event "Extraliga 2010/11"]
[Site "masterchessopen.com Slovakia"]
[Date "2011.05.07"]
[Round "10"]
[White "Neubauer Martin (AUT)"]
[Black "Azarov Sergei (BLR)"]
[Result "0-1"]
[WhiteElo "2431"]
[BlackElo "2648"]

1.d4 Nf6 2.c4 g6 3.Nc3 d5 4.Nf3 Bg7 5.Bg5 Ne4 6.Bf4 Nxc3 7.bxc3 dxc4 8.e4 c5
9.Bxc4 O-O 10.Qd2 cxd4 11.cxd4 Nc6 12.Bh6 Nxd4 13.Bxg7 Nxf3+ 14.gxf3 Kxg7
15.Qc3+ f6 16.Rc1 Bh3 17.Ke2 Rc8 18.Qa3 Qd6 19.Qxa7 Qb4 20.Bb3 Rfd8 {#R} 0-1

[Event "It (open)"]
[Site "masterchessopen.com Hradec Kralove (Czech Republic)"]
[Date "2011.05.11"]
[Round "4"]
[White "Snorek Milan (CZE)"]
[Black "Mazura Tomas (CZE)"]
[Result "1-0"]
[WhiteElo "2097"]
[BlackElo "1954"]

1.d4 Nf6 2.Nf3 g6 3.c4 Bg7 4.Nc3 d5 5.Bg5 Ne4 6.cxd5 Nxc3 7.bxc3 Qxd5 8.Qb3
Qxb3 9.axb3 c5 10.e3 Nd7 11.Be2 e5 12.O-O exd4 13.cxd4 cxd4 14.Nxd4 O-O
15.Rfc1 Re8 16.Ra2 Nf8 17.Nb5 Be5 18.Rxa7 Rxa7 19.Nxa7 Bd7 20.Nb5 Ne6 21.Bh4
Rc8 22.Rxc8+ Bxc8 23.f4 Bb8 24.Be7 f5 25.Bd6 {#r} 1-0

[Event "It (open)"]
[Site "masterchessopen.com Maceio (Brazil)"]
[Date "2011.05.29"]
[Round "6"]
[White "Coutinho Eduardo"]
[Black "Augusto Carlos"]
[Result "0-1"]
[WhiteElo "1807"]
[BlackElo "1794"]

1.Nf3 Nf6 2.d4 d5 3.c4 g6 4.Nc3 Bg7 5.Bg5 Ne4 6.e3 O-O 7.Bf4 Nxc3 8.bxc3 c5
9.Qb3 cxd4 10.exd4 dxc4 11.Bxc4 Nc6 12.O-O Na5 13.Qb4 Nxc4 14.Qxc4 b6 15.Rfe1
Bb7 16.Re3 Rc8 17.Qe2 e6 18.Rb1 Qd7 19.Ne5 Qd5 20.f3 Bf6 21.Ng4 Qf5 22.Re4
Bxe4 23.Qxe4 Qxe4 24.fxe4 Rxc3 {#R} 0-1

[Event "Memorial L.F.Zarembo"]
[Site "masterchessopen.com Anapa (Russia)"]
[Date "2011.06.07"]
[Round "4"]
[White "Kulikova Ekaterina (RUS)"]
[Black "Yelovskih Gennady (RUS)"]
[Result "1-0"]
[WhiteElo "1880"]
[BlackElo "1607"]

1.d4 Nf6 2.c4 g6 3.Nc3 d5 4.Nf3 Bg7 5.Bg5 c6 6.e3 O-O 7.cxd5 cxd5 8.Qb3 Qa5
9.Bxf6 Bxf6 10.Qxd5 Qb4 11.Rb1 Be6 12.Qb5 Qxb5 13.Bxb5 a6 14.Bd3 Nc6 15.a3 Na5
16.O-O Nb3 17.Bc2 Rfd8 18.d5 Bxc3 19.bxc3 Bxd5 20.Bxb3 Bxf3 21.gxf3 Rac8 22.c4
Rc5 23.Rfd1 Rcc8 24.Ba2 b6 25.Rxd8+ Rxd8 26.Rxb6 {#r} 1-0

[Event "It (open)"]
[Site "masterchessopen.com Brno (Czech Republic)"]
[Date "2011.06.25"]
[Round "1"]
[White "Snorek Milan (CZE)"]
[Black "Strnad Ondrej (CZE)"]
[Result "1-0"]
[WhiteElo "2097"]
[BlackElo "1807"]

1.d4 Nf6 2.Nf3 g6 3.c4 Bg7 4.Nc3 d5 5.Bg5 Ne4 6.cxd5 Nxg5 7.Nxg5 e6 8.Nf3 exd5
9.g3 O-O 10.Bg2 Bf5 11.Qb3 Qc8 12.Nxd5 Re8 13.Ne3 Be4 14.Ng5 Bxg2 15.Qxf7+ Kh8
16.Nxg2 Rf8 17.Qd5 Bf6 18.Nf3 c6 19.Qc4 Nd7 20.O-O Nb6 21.Qc2 Qc7 22.Nf4 Rae8
23.d5 Qd7 24.dxc6 bxc6 25.Rfd1 Qc7 26.Rac1 {#r} 1-0

[Event "Ch Spain (autonomicas) (team) (cadets)"]
[Site "masterchessopen.com Pamplona (Spain)"]
[Date "2011.06.27"]
[Round "2"]
[White "Cruz Lledo Pablo (ESP)"]
[Black "Sanchez Ibern Marc (ESP)"]
[Result "0-1"]
[WhiteElo "2334"]
[BlackElo "2337"]

1.d4 Nf6 2.c4 g6 3.Nc3 d5 4.Nf3 Bg7 5.Bg5 Ne4 6.cxd5 Nxg5 7.Nxg5 c6 8.dxc6
Nxc6 9.e3 e5 10.d5 Qxg5 11.dxc6 O-O 12.h4 Qe7 13.Nd5 Qd6 14.Rc1 bxc6 15.Rxc6
Qd8 16.Ba6 Bxa6 17.Rxa6 e4 18.h5 Qg5 19.hxg6 hxg6 20.Qb3 Rfd8 21.Nf4 Rab8
22.Qa4 Bc3+ 23.Kf1 Rb4 24.Qc2 Rxb2 25.Qc1 Qb5+ 26.Kg1 Rb1 27.Qxb1 Qxb1+ 28.Kh2
Qb7 {#R} 0-1

[Event "Ch Central Serbia (open) (b)"]
[Site "masterchessopen.com Paracin (Serbia)"]
[Date "2011.07.09"]
[Round "2"]
[White "Unuk Laura (SLO)"]
[Black "Radovic Janko (SRB)"]
[Result "0-1"]
[WhiteElo "1720"]
[BlackElo "2004"]

1.d4 Nf6 2.c4 g6 3.Nc3 d5 4.Nf3 Bg7 5.Bg5 Ne4 6.cxd5 Nxg5 7.Nxg5 e6 8.Qd2 h6
9.Nf3 exd5 10.Qe3+ Be6 11.Ne5 c5 12.O-O-O Nc6 13.Nxc6 bxc6 14.dxc5 Qa5 15.Qd2
O-O 16.e3 Rab8 17.Kc2 Rxb2+ 18.Kxb2 Rb8+ 19.Kc2 Bf5+ 20.e4 Bxc3 21.Qc1 Bxe4+
22.Bd3 Qxc5 23.Bxe4 Bb2+ 24.Kd3 dxe4+ 25.Kxe4 Bxc1 {#R} 0-1

[Event "It (open)"]
[Site "masterchessopen.com Bad Godesberg (Germany)"]
[Date "2011.07.24"]
[Round "2"]
[White "Ter Steeg M"]
[Black "Mueller-Boge Michael (GER)"]
[Result "1-0"]
[WhiteElo "1858"]
[BlackElo "1999"]

1.d4 Nf6 2.c4 g6 3.Nc3 d5 4.Nf3 Bg7 5.Bg5 Ne4 6.Bh4 Nxc3 7.bxc3 c5 8.cxd5 Qxd5
9.e3 cxd4 10.cxd4 Nc6 11.Be2 e5 12.dxe5 Qa5+ 13.Qd2 Qxd2+ 14.Kxd2 Nxe5 15.Nd4
Bd7 16.Rab1 b6 17.Rhc1 Rc8 18.Ba6 Rxc1 19.Rxc1 O-O 20.Rc7 Ba4 21.Rxa7 Nd7
22.Bc4 Nc5 23.Be7 Rc8 24.Bxc5 bxc5 25.Bxf7+ Kh8 26.Ne6 Bc6 27.Nxg7 Rd8+ 28.Kc3
{#r} 1-0

[Event "Tournament (open)"]
[Site "masterchessopen.com Muelheim (Germany)"]
[Date "2011.08.05"]
[Round "1"]
[White "Podzielny Karl-Heinz (GER)"]
[Black "Schmidt Kevin (GER)"]
[Result "1-0"]
[WhiteElo "2470"]
[BlackElo "1855"]

1.d4 Nf6 2.Nf3 g6 3.c4 Bg7 4.Nc3 d5 5.Bg5 c6 6.e3 O-O 7.Qb3 e6 8.Be2 Nbd7
9.O-O h6 10.Bh4 b6 11.Ne5 Bb7 12.f4 Rb8 13.cxd5 cxd5 14.Bb5 Qc7 15.Rac1 Qd6
16.Bxd7 Nxd7 17.Nb5 {#r} 1-0